000 00388pab a2200157 454500
008 180718b2013 xxu||||| |||| 00| 0 eng d
100 _aPatel, Vikram
245 _aLegislating the right to care for mental illness
260 _c2013
300 _ap.73-77.
362 _a2 Mar
650 _aMental diseases
773 _aEconomic and Political Weekly
908 _aN
909 _a98616
999 _c98615
_d98615